MDQL
is popping MORE tags! Check the
thread
!
Quizzes
Events
Quiz Creation
Community
Videos
Private Events
Remove Ads
Sign In
Join for FREE
Feedback
Dark Mode
Quiz Categories
Sports
Geography
Music
Movies
Television
Just For Fun
Miscellaneous
History
Literature
Language
Science
Gaming
Entertainment
Religion
Holiday
For Kids
Quiz Lab
Recent
Popular Today
Quiz Kudos Today
Editor Picks
Curator Picks
Quizzes by...
Day
Popularity
Type
Ratings
Length
Year
Community
Subscriptions
Recent Discussions
Orange Saloon
Badges
Playlists
Quests
Create
Leaderboards
Showdown
Live 5
Trivia Bingo
Activity
Puzzle Library
Sporcle Events
Private Events
Virtual Trivia
Globe League
Become a Host
Pub Owners
SporcleCon
Opinionation
Our Games
Videos
Blog
Mobile Apps
Partnerships
Remove Ads and Go Orange
Feedback
Sports
Athletes
MLB
NBA
NHL
NFL
Soccer
Sports Teams
WWE
NCAA
Football
Premier League
Basketball
Baseball
Hockey
Golf
Tennis
Cricket
Rugby
Auto Racing
Olympics
World Cup
Sports
Athletes
MLB
NBA
NHL
NFL
Soccer
Sports Teams
WWE
NCAA
Football
Premier League
Basketball
Baseball
Hockey
Golf
Tennis
Cricket
Rugby
Auto Racing
Olympics
World Cup
Random Quiz
Search Sporcle
×
Quiz Lab
Quiz Lab
Sports
Cycling
Type in answers that appear in a list
Type in answers that appear in a list
Classic
Best Score? Go Orange.
Paris Nice 2013 Stats
Can you name the main results from Paris Nice 2013?
By
Mrface
14m
90 Questions
123 Plays
123 Plays
123 Plays
Comments
Comments
Give Quiz Kudos
Give Quiz Kudos
-
- Ratings
hide this ad
Replay
Link that replays current quiz
Next Quiz
Link to next quiz in quiz playlist
You Got
0%
They Got
Avg Score
50%
Avg Friend Score
Upgrade to see
Score Distribution
Jump to the score distribution portion of the page
Score
0/90
Timer
14:00
0
Plays Today
Team
Rider
% Correct
Overall
Richie Porte
95.9%
Stage 3
Richie Porte
95.9%
Stage 5
Richie Porte
95.9%
Stage 7 (ITT)
Richie Porte
95.1%
Stage 2
Marcel Kittel
87.8%
Prologue
Sylvain Chavanel
81.3%
Stage 6
Sylvain Chavanel
81.3%
Stage 7 (ITT)
Sylvain Chavanel
81.3%
Overall
Sylvain Chavanel
81.3%
Overall
Jean-Christophe Peraud
75.6%
Stage 3
Andrew Talansky
75.6%
Stage 5
Jean-Christophe Peraud
75.6%
Stage 7 (ITT)
Jean-Christophe Peraud
75.6%
Overall
Andrew Talansky
75.6%
Stage 1
Nacer Bouhanni
74.8%
Stage 4
Andrew Talansky
74.8%
Stage 5
Andrew Talansky
74.8%
Stage 5
Tejay van Garderen
74.8%
Stage 7 (ITT)
Andrew Talansky
74.8%
Stage 7 (ITT)
Tejay van Garderen
74.8%
Overall
Tejay van Garderen
74.8%
Stage 6
Philippe Gilbert
73.2%
Prologue
Damien Gaudin
65.9%
Stage 1
Jose Joaquin Rojas Gil
65%
Stage 2
Jose Joaquin Rojas Gil
65%
Stage 3
Romain Bardet
65%
Stage 4
Romain Bardet
65%
Stage 6
Jose Joaquin Rojas Gil
65%
Prologue
Lieuwe Westra
63.4%
Stage 5
Lieuwe Westra
63.4%
Team
Rider
% Correct
Overall
Lieuwe Westra
63.4%
Stage 5
Michele Scarponi
58.5%
Stage 7 (ITT)
Michele Scarponi
58.5%
Stage 1
Elia Viviani
57.7%
Stage 2
Elia Viviani
57.7%
Prologue
Elia Viviani
57.7%
Stage 5
Nairo Alexander Quintana Rojas
57.7%
Stage 7 (ITT)
Nairo Alexander Quintana Rojas
57.7%
Stage 5
Simon Spilak
55.3%
Stage 7 (ITT)
Simon Spilak
55.3%
Overall
Simon Spilak
55.3%
Stage 1
Alessandro Petacchi
51.2%
Stage 4
Diego Ulissi
49.6%
Stage 5
Diego Ulissi
49.6%
Stage 7 (ITT)
Diego Ulissi
49.6%
Overall
Diego Ulissi
49.6%
Stage 2
Samuel Dumoulin
48.8%
Stage 6
Samuel Dumoulin
48.8%
Stage 4
Michael Albasini
47.2%
Stage 4
Andreas Klöden
45.5%
Overall
Andreas Klöden
45.5%
Prologue
Tony Gallopin
42.3%
Stage 2
Tony Gallopin
42.3%
Stage 6
Tony Gallopin
42.3%
Stage 1
Romain Feillu
40.7%
Stage 2
Romain Feillu
40.7%
Stage 1
Heinrich Haussler
39.8%
Stage 5
Denis Menchov
39.8%
Stage 6
Heinrich Haussler
39.8%
Stage 1
Borut Bozic
34.1%
Team
Rider
% Correct
Prologue
Borut Bozic
34.1%
Stage 2
Borut Bozic
34.1%
Stage 6
Borut Bozic
34.1%
Stage 6
Julien Simon
33.3%
Stage 3
David Lopez Garcia
32.5%
Prologue
Sébastien Turgot
31.7%
Stage 3
Jonathan Hivert
30.9%
Stage 6
Jonathan Hivert
30.9%
Stage 1
Mark Renshaw
30.1%
Overall
Peter Velits
30.1%
Prologue
Peter Velits
30.1%
Stage 4
Peter Velits
30.1%
Prologue
Wilco Kelderman
28.5%
Stage 1
Jens Debusschere
23.6%
Stage 2
Gianni Meersman
23.6%
Stage 2
Jens Debusschere
23.6%
Stage 3
Enrico Gasparotto
23.6%
Stage 4
Enrico Gasparotto
23.6%
Stage 3
Gorka Izaguirre Insausti
22.8%
Stage 7 (ITT)
Jon Izaguirre Insausti
22.8%
Stage 3
Davide Malacarne
22%
Stage 4
Maxim Iglinskiy
22%
Stage 1
Leigh Howard
20.3%
Stage 2
Leigh Howard
20.3%
Stage 3
Andriy Grivko
20.3%
Stage 3
Maxime Bouet
20.3%
Stage 6
Alberto Losada Alguacil
19.5%
Stage 4
Jens Keukeleire
15.4%
Prologue
Geoffrey Soupe
13.8%
Stage 4
Xavier Florencio Cabre
13%
Quiz Playlist
Details
Report
Send in Message
Add To Playlist
Classic:
Type in answers that appear in a list
Last Updated: Feb 16, 2017
Quiz Scoreboard
CHALLENGE
Sign Up to Join the Scoreboard
Show All
Scores
Hide
Comments
May contain spoilers
Recently Published
Colored Red Africa Blitz
by spor1
Geography
30s
Find the 'City' Movie
by crazypaving
Movies
60s
5x2 Blitz: Bands
by SL_Kpop136
Music
30s
More to Explore
Quiz From the Vault
Featured Blog Post
14 Easter Pick-up Lines to Find Eggs With
hide this ad
You Might Also Like...
Tags
2013
Cycling
nice
pari
paris
result
Rider
team
Today's Top Quizzes in Sports
Browse Sports
hide this ad
Today's Top Quizzes in Cycling
Browse Cycling
Top Contributed Quizzes in Sports
1
Players with Multiple 50 Home Run Seasons
2
Les entraîneurs de l'OM et du PSG au 21e siècle
3
Criteria MLB: Left Handed Sluggers
4
2022 World Cup Stars
5
Les meilleurs buteurs des matchs entre le PSG et l’OM
6
Who Hit More Homers?
7
Les joueurs passés par le PSG et l'OM
8
NBA Logic Puzzle 2.0
9
Top 10 NHL Goal Scorers of All Time
10
MLB Players with Two .350 Batting Average Seasons
Explore More
Trending Topics
Marvel
Kpop
NBA
Anime
Disney
Harry Potter
Crossword
Puzzle
WWE
Country
Pokémon
NFL
Soccer
The Office
Song
hide this ad
More By:
Mrface
Quiz
Plays
Rating
Category
Featured
Created
2012 Spring Classics
576
5.00
Sports
Aug 28, 2012
Grand Tours Top 10
458
5.00
Sports
Sep 24, 2012
Tour de France 2012 Stages Top 10s
394
4.00
Sports
Aug 22, 2012
Giro D'Italia 2013 start list
373
5.00
Sports
May 8, 2013
2013 UCI Cycling Pro Tour Teams
370
4.67
Sports
Feb 5, 2013
Go to Creator's Profile
Score Distribution
Quiz Creator Spotlight
Mrface
Follow
Send a Message
Quizzes Created
-
Created Quiz Play Count
-
More By This Creator
Popular Quizzes Today
1
Colored Red Africa Blitz
2
Find the 'City' Movie
3
Find the US States - No Outlines Minefield
4
5x2 Blitz: Bands
5
The Countries of the World
6
Find the US States
7
US States
8
9x9 Crossword: Cartoon Network
More Sports Quizzes
Giants Yearly Top 5 HR's
Quiz Lab
Trending Quizzes
Colored Red Europe Blitz I
Colored Red Europe Blitz II
Colored Red Africa Blitz II
Colored Red Africa Blitz III
Colored Red Europe Blitz III
Recently Updated
Godzilla Movies
pecheneg
Grab Bag: 4-10 Letters
pecheneg
2024 March Madness Bracket
pecheneg
Famous TV Couples
Peacemaker
Champions League XIs: Real Madrid
pecheneg
Largest US Cities 1790-2010
pecheneg
Rides in Walt Disney World
pecheneg
Most Oscar Losses (Acting)
pecheneg
Beyoncé Albums
pecheneg
Leaping Animals
pecheneg
Trending Topics
Marvel
Disney
Harry Potter
Anime
Kpop
NBA
Crossword
Puzzle
Pokémon
NFL
Country
Song
WWE
The Office
Soccer
Your Account Isn't Verified!
In order to create a playlist on Sporcle, you need to verify the email address you used during registration. Go to your
Sporcle Settings
to finish the process.
Report this User
Report this user for behavior that violates our
Community Guidelines
.
Details:
Send Report
Go to the Sporcle.com Mobile Site →
Comments